000
00173nam a22000857a 4500
999
_c
16254
_d
16254
003
OSt
008
200626b ||||| |||| 00| 0 eng d
245
_a
PUC Chemistry
942
_c
BK